<?xml version="1.0" encoding="UTF-8"?><?xml-stylesheet type="text/xsl" href="static/style.xsl"?><OAI-PMH xmlns="http://www.openarchives.org/OAI/2.0/" xmlns:xsi="http://www.w3.org/2001/XMLSchema-instance" xsi:schemaLocation="http://www.openarchives.org/OAI/2.0/ http://www.openarchives.org/OAI/2.0/OAI-PMH.xsd"><responseDate>2026-06-01T17:20:03Z</responseDate><request verb="GetRecord" identifier="oai:riuma.uma.es:10630/32851" metadataPrefix="marc">https://riuma.uma.es/rest/oai/request</request><GetRecord><record><header><identifier>oai:riuma.uma.es:10630/32851</identifier><datestamp>2026-02-03T10:50:39Z</datestamp><setSpec>com_10630_2254</setSpec><setSpec>col_10630_37953</setSpec></header><metadata><record xmlns="http://www.loc.gov/MARC21/slim" xmlns:dcterms="http://purl.org/dc/terms/" xmlns:doc="http://www.lyncode.com/xoai" xmlns:xsi="http://www.w3.org/2001/XMLSchema-instance" xsi:schemaLocation="http://www.loc.gov/MARC21/slim http://www.loc.gov/standards/marcxml/schema/MARC21slim.xsd">
   <leader>00925njm 22002777a 4500</leader>
   <datafield ind2=" " ind1=" " tag="042">
      <subfield code="a">dc</subfield>
   </datafield>
   <datafield ind2=" " ind1=" " tag="720">
      <subfield code="a">Fernández-Cabrera, Marta</subfield>
      <subfield code="e">author</subfield>
   </datafield>
   <datafield ind2=" " ind1=" " tag="260">
      <subfield code="c">2022-01-26</subfield>
   </datafield>
   <datafield ind2=" " ind1=" " tag="520">
      <subfield code="a">La naturaleza jurídica de la normativa relativa al Registro Central de Delincuentes Sexuales es una cuestión controvertida que ha enfrentado a la doctrina y a la jurisprudencia. Hay autores que han afirmado que estamos ante verdadero Derecho penal despojado de sus garantías mientras que la jurisprudencia le ha negado este carácter tanto al registro como a la inhabilitación para el ejercicio de profesiones con menores que dicha inscripción conlleva. El tema es de suma trascendencia, pues de la naturaleza jurídica se derivan los derechos y garantías que debe llevar aparejada una institución. Así, si afirmamos el carácter penal, o al menos, sancionador, de todo o parte de la regulación esta deberá respetar principios como el de legalidad o proporcionalidad. El presente trabajo va destinado a dilucidar esta cuestión a la luz de la jurisprudencia del Tribunal Europeo de Derechos Humanos, así como a sistematizar toda la crítica que se ha formulado sobre dicha institución.</subfield>
   </datafield>
   <datafield ind1="8" ind2=" " tag="024">
      <subfield code="a">Fernández Cabrera, M. (2022). Naturaleza jurídica de la normativa relativa al registro de delincuentes sexuales a la luz de la jurisprudencia del TEDH y crítica a toda la regulación . Estudios Penales y Criminológicos, 42, 1-33. https://doi.org/10.15304/epc.42.8243</subfield>
   </datafield>
   <datafield ind1="8" ind2=" " tag="024">
      <subfield code="a">https://hdl.handle.net/10630/32851</subfield>
   </datafield>
   <datafield ind1="8" ind2=" " tag="024">
      <subfield code="a">10.15304/epc.42.8243</subfield>
   </datafield>
   <datafield tag="653" ind2=" " ind1=" ">
      <subfield code="a">Delitos sexuales</subfield>
   </datafield>
   <datafield tag="653" ind2=" " ind1=" ">
      <subfield code="a">Derechos políticos y civiles</subfield>
   </datafield>
   <datafield tag="653" ind2=" " ind1=" ">
      <subfield code="a">Delincuentes -  Derechos</subfield>
   </datafield>
   <datafield ind2="0" ind1="0" tag="245">
      <subfield code="a">Naturaleza jurídica de la normativa relativa al registro de delincuentes sexuales a la luz de la jurisprudencia del TEDH y crítica a toda la regulación.</subfield>
   </datafield>
</record>
</metadata></record></GetRecord></OAI-PMH>